00645nam a2200145Ia 4500008004100000050002300041100002500064245015200089260008600241300002800327521001200355942000700367999001900374952010600393140724s9999 xx 000 0 und d aRC 799b.On58 2007 aOng, Rizelda Kaye G. aEffectiveness of glutaraldehyde - activated dialdehyde solution in disinffecting staphulococcus aureus and escherichia coli /cRizelda Kaye G. Ong. aLas Piñas, Philippines :bSouthville International School and Colleges,cc2007. a68 p. :bill. ;c28 cm. aNursing cTH c228958d228958 001040aCLbCLcTHESESd2014-07-24l0oRC 799 .On58 2007pT0312r2018-05-15 00:00:00w2014-07-24yTH